000 00366nam a2200145Ia 4500
003 GCL
008 140319s9999 xx 000 0 eng d
040 _aGCL /
_cGCL
082 0 4 _a004
_bCE
245 1 0 _aESSENTIALS OF COMPUTING
260 _a[S.N] :
_bMacmillan Publishing Company ،
_c1992
300 _a400 P
650 0 4 _aCOMPUTER - PROGRAMMING
942 _2ddc
_cBK
999 _c19029
_d19029